| 000 | 00507nam a2200193Ia 4500 | ||
|---|---|---|---|
| 008 | 180207s9999 xx 000 0 und d | ||
| 020 | _a9780448418363 | ||
| 050 | _bD781 1998 | ||
| 100 | _aDriscoll, Laura. | ||
| 245 | _aTinytown ball / | ||
| 245 | _cby Laura Driscoll ; illustrated by Kathy Couri. | ||
| 260 | _aNew York : | ||
| 260 | _bGrosset & Dunlap, Inc., | ||
| 260 | _c1998 | ||
| 300 | _aunpaged : | ||
| 300 | _bcolor illustration ; | ||
| 300 | _c20cm. | ||
| 440 | _aJewel sticker stories. | ||
| 999 |
_c355521 _d355521 |
||